[Event "La Plata Spring op"]
[Site "La Plata"]
[Date "2018.09.15"]
[Round "3.8"]
[White "Bayinay, Juan Santiago"]
[Black "Enciso, Franco"]
[Result "1-0"]
[WhiteElo "1495"]
[BlackElo "1588"]
[PlyCount "49"]
[EventDate "2018.09.11"]
[EventType "swiss"]
[EventRounds "7"]
[EventCountry "ARG"]
[SourceTitle "EXT 2024"]
[Source "ChessBase"]
[SourceDate "2023.10.10"]
[SourceVersion "1"]
[SourceVersionDate "2023.10.10"]
[SourceQuality "1"]

1. d4 Nf6 2. c4 e5 3. dxe5 Ng4 4. Bf4 Bc5 5. e3 Nh6 6. Bxh6 gxh6 7. Bd3 Qg5 8. Nf3 Qg7 9. 0-0 Nc6 10. Nc3 Nxe5 11. Ne4 Be7 12. Nd4 d6 13. Ng3 Bd7 14. Ngf5 Qf6 15. Nxe7 Qxe7 16. Be4 c6 17. Nf5 Qf6 18. Nxd6+ Ke7 19. Nxb7 Rab8 20. Nc5 Rxb2 21. f4 Bg4 22. fxe5 Qxe5 23. Qxg4 Qxc5 24. Qf4 f5 25. Qc7+ 1-0

[Event "Buenos Aires Duchamp Boca op 3rd"]
[Site "Buenos Aires"]
[Date "2013.06.24"]
[Round "4"]
[White "Zanola, Daniel Alejandro"]
[Black "Enciso, Franco"]
[Result "1-0"]
[WhiteElo "1719"]
[BlackElo "1569"]
[PlyCount "79"]
[EventDate "2013.06.20"]
[EventType "swiss"]
[EventRounds "9"]
[EventCountry "ARG"]
[SourceTitle "CBM 155 Extra"]
[Source "ChessBase"]
[SourceDate "2013.08.26"]
[SourceVersion "1"]
[SourceVersionDate "2013.08.26"]
[SourceQuality "1"]

1. d4 Nf6 2. c4 e5 3. dxe5 Ng4 4. e4 Nxe5 5. f4 Ng6 6. Be3 Bb4+ 7. Nd2 0-0 8. Ngf3 d6 9. Bd3 Nd7 10. 0-0 Nc5 11. Bc2 f5 12. Qb1 Bxd2 13. Nxd2 Qf6 14. Bxc5 dxc5 15. e5 Qc6 16. Rf2 b6 17. Nf1 Nh4 18. Ne3 g6 19. Nd5 Qe6 20. Nxc7 Qc6 21. Nxa8 Bb7 22. Qf1 Bxa8 23. Rd1 a6 24. Rd6 Qb7 25. Rfd2 b5 26. cxb5 axb5 27. Qf2 g5 28. fxg5 Ng6 29. Qxc5 Nf4 30. Bb3+ Kh8 31. Rd8 Ne2+ 32. Rxe2 Rxd8 33. e6 Rc8 34. Qe5+ Qg7 35. Qxg7+ Kxg7 36. e7 Re8 37. Re5 Be4 38. Bd1 Kg6 39. h4 Kf7 40. Bh5+ 1-0

[Event "Buenos Aires Duchamp Boca op 3rd"]
[Site "Buenos Aires"]
[Date "2013.06.23"]
[Round "3"]
[White "Enciso, Franco"]
[Black "Lima, Joaquin"]
[Result "0-1"]
[WhiteElo "1569"]
[BlackElo "1929"]
[PlyCount "72"]
[EventDate "2013.06.20"]
[EventType "swiss"]
[EventRounds "9"]
[EventCountry "ARG"]
[SourceTitle "CBM 155 Extra"]
[Source "ChessBase"]
[SourceDate "2013.08.26"]
[SourceVersion "1"]
[SourceVersionDate "2013.08.26"]
[SourceQuality "1"]

1. d4 Nf6 2. Bg5 e6 3. e4 Be7 4. Bd3 c5 5. Bxf6 Bxf6 6. e5 Be7 7. Ne2 cxd4 8. Nxd4 Qa5+ 9. c3 Qxe5+ 10. Be2 Nc6 11. Nf3 Qc7 12. 0-0 d5 13. Re1 0-0 14. Nbd2 a6 15. Rc1 b5 16. Nd4 Nxd4 17. cxd4 Qb6 18. Nf3 Bb4 19. Rf1 f6 20. Bd3 Bb7 21. a3 Bd6 22. Re1 Rac8 23. Kh1 Rxc1 24. Qxc1 e5 25. dxe5 fxe5 26. Nxe5 Bxe5 27. Rxe5 Qxf2 28. Re7 Bc8 29. Re1 Bh3 30. Bf1 Bf5 31. Re2 Qd4 32. Qe3 Bd3 33. Qe6+ Kh8 34. Qe8 Qf6 35. Re1 Qxf1+ 36. Rxf1 Rxe8 0-1

[Event "ARG-ch 86th"]
[Site "La Plata"]
[Date "2012.07.05"]
[Round "2"]
[White "Rodriguez, Federico"]
[Black "Enciso, Franco"]
[Result "1-0"]
[WhiteElo "1981"]
[BlackElo "1523"]
[PlyCount "63"]
[EventDate "2012.07.04"]
[EventType "swiss"]
[EventRounds "11"]
[EventCountry "ARG"]
[SourceTitle "CBM 149 Extra"]
[Source "ChessBase"]
[SourceDate "2012.08.24"]
[SourceVersion "1"]
[SourceVersionDate "2012.08.24"]
[SourceQuality "1"]

1. e4 c5 2. Nf3 d6 3. d4 cxd4 4. Nxd4 Nf6 5. Nc3 g6 6. f3 Bg7 7. Be3 Nc6 8. Qd2 Bd7 9. g4 0-0 10. h4 Rc8 11. h5 Ne5 12. hxg6 fxg6 13. Bh6 Bxh6 14. Qxh6 Rxc3 15. bxc3 Qa5 16. Qd2 Nxf3+ 17. Nxf3 Bxg4 18. Ng5 Qe5 19. Rg1 Bh5 20. Qd4 Qh2 21. Rg2 Qh4+ 22. Kd2 h6 23. Bc4+ Kh8 24. Ne6 Rc8 25. Rag1 Kh7 26. Bd3 Rc5 27. Nxc5 dxc5 28. Qxc5 Nxe4+ 29. Bxe4 Qxe4 30. Qe3 Qd5+ 31. Qd4 Qf3 32. Rf2 1-0

[Event "ARG-ch 86th"]
[Site "La Plata"]
[Date "2012.07.04"]
[Round "1"]
[White "Enciso, Franco"]
[Black "Filgueira, Hernan"]
[Result "0-1"]
[WhiteElo "1523"]
[BlackElo "2308"]
[PlyCount "45"]
[EventDate "2012.07.04"]
[EventType "swiss"]
[EventRounds "11"]
[EventCountry "ARG"]
[SourceTitle "CBM 149 Extra"]
[Source "ChessBase"]
[SourceDate "2012.08.24"]
[SourceVersion "1"]
[SourceVersionDate "2012.08.24"]
[SourceQuality "1"]

1. d4 d6 2. c4 e5 3. Nc3 exd4 4. Qxd4 Nc6 5. Qd1 Nf6 6. Bg5 Be7 7. Nf3 0-0 8. e3 Be6 9. Be2 d5 10. cxd5 Nxd5 11. Bxe7 Ncxe7 12. Nxd5 Bxd5 13. 0-0 c5 14. Qc2 Qb6 15. Rfd1 h6 16. h3 Rac8 17. b3 Qf6 18. Rac1 b6 19. e4 Bc6 20. e5 Qg6 21. Bd3 Qh5 22. Be2 Bxf3 23. Bxf3 0-1